Quality Management in the Integrated System as a Tool for Business Excellence and Sustainability
Saved in:
| Main Author: | |
|---|---|
| Other Authors: | , |
| Format: | Book Chapter |
| Language: | English |
| Subjects: | |
| Tags: |
No Tags, Be the first to tag this record!
|
MARC
| LEADER | 00000nla a2200000 4500 | ||
|---|---|---|---|
| 001 | 0186692 | ||
| 005 | 20240502083439.5 | ||
| 041 | 0 | |a eng | |
| 044 | |a RO | ||
| 245 | 1 | 0 | |a Quality Management in the Integrated System as a Tool for Business Excellence and Sustainability |c Milan Majerník, Lenka Štofová |
| 610 | 2 | 0 | |a manažment environmentálny |
| 610 | 2 | 0 | |a systémy integrované manažérske |
| 610 | 2 | 0 | |a bezpečnosť environmentálna |
| 610 | 2 | 0 | |a riadenie kvality |
| 610 | 2 | 0 | |a modely riadenia |
| 100 | 1 | |a Majerník, Milan, 1952- | |
| 700 | 1 | |a Štofová, Lenka, 1989- | |
| 700 | 1 | |a Kottner, Artur | |